00355nam a2200145Ia 4500008004100000020001800041041000800059082001600067100002800083245002500111250000600136260003900142300001300181650001500194210716s2009 xx 000 0 und d a9788132100782 aeng a153.93 CHAN aChadha, Narender Kumar. aApplied psychometry. a1 aNew DelhibSage Publicationsc2009 axiii,362 aPsychology